Obra completa en poesía [de John Keats] /

John Keats (1795-1821), poeta inglés nacido en Londres, de vida tragicamente breve e infeliz. Su poesía constituye la culminación del románticismo inglés, ha sido junto con Lord Byron y Shelley, el más claro representante de las ideas y sentimientos que caracterizaron a la que fue llamada la segunda...

Täydet tiedot

Tallennettuna:
Bibliografiset tiedot
Päätekijä: Keats, John (autor)
Aineistotyyppi: Kirja
Kieli:espanja
Julkaistu: Barcelona, España : Libros Río Nuevo, 1978, c1978
Painos:3a edición
Sarja:(Libros Río Nuevo ; Poesía ; 9, 12. 5, 7)
Aiheet:
Tagit: Lisää tagi
Ei tageja, Lisää ensimmäinen tagi!

MARC

LEADER 00000nam^a2200000^a^4500
001 000172984
005 20250521000000.0
009 20260310101437.864
020 |a 84-7175-083-X 
037 |a Acervo ITESO - Biblioteca 
041 |a ESP 
082 |a 821.  |b KEA 
100 |a Keats, John  |e (autor) 
240 1 1 |a [Obra completa en poesía de John Keats] 
245 1 0 |a Obra completa en poesía [de John Keats] /  |c J. Keats ; tr. por Arturo Sánchez. 
246 2 |a Título en la cubierta: Poesía completa 
250 |a 3a edición 
264 4 |a Barcelona, España :  |b Libros Río Nuevo,  |c 1978, c1978 
300 |a 2 v. (405, 348 p.) 
336 |a texto  |b txt  |2 rdacontenido 
337 |a sin mediación  |b n  |2 rdamedio 
338 |a volumen  |b nc  |2 rdasoporte 
440 1 |a (Libros Río Nuevo ;  |v 9, 12.  |p Poesía ;  |v 5, 7) 
520 |a John Keats (1795-1821), poeta inglés nacido en Londres, de vida tragicamente breve e infeliz. Su poesía constituye la culminación del románticismo inglés, ha sido junto con Lord Byron y Shelley, el más claro representante de las ideas y sentimientos que caracterizaron a la que fue llamada la segunda Generación Romántica. Obra poética: Endimión (1918), Hiperión, La víspera de Santa Inés, La belle dame sans merci; sus grandes Odas: A un ruiseñor, A una urna griega, A la melancolía, Al otoño; y por último Lamia. 
546 |a Edición bilingüe español-inglés 
649 |a XX 
650 |a Poesía Inglesa 
650 |a Literatura Inglesa -  |y Siglo XIX 
650 |a Romanticismo (Literatura) -  |z Inglaterra 
910 |a Fondo Armando Suárez Gómez 
920 |a Impresos - Libros 
930 |a Fondos Especiales 
940 |a Literatura 
905 |a 111 
901 |a 0700006461  |b IT2  |c ESP  |u 20250521 
901 |a 0700006460  |b IT2  |c ESP  |u 20250521 
902 |a https://opac.biblio.iteso.mx/vufind/Record/000172984